MARC

LEADER 00000nam0a2200000 4500
001 262027
005 20231101233621.0
010 |a 5852000728 
035 |a (RuTPU)RU\TPU\book\285009 
090 |a 262027 
100 |a 20140529d1988 m y0rusy50 ca 
101 0 |a rus 
102 |a RU 
105 |a a z 001zb 
200 1 |a Мурильо и его время  |f Е. О. Ваганова 
210 |a Москва  |c Изобразительное искусство  |d 1988 
215 |a 224 с.  |c ил. 
320 |a Список иллюстраций: с. 219-222. 
600 1 |a Мурильо  |b Б. Э.  |c испанский живописец  |f 1618-1682  |g Бартоломе Эстебан  |2 stltpush  |3 (RuTPU)RU\TPU\pers\34059  |9 17623 
606 1 |a Живопись  |2 stltpush  |3 (RuTPU)RU\TPU\subj\73461  |9 86457 
610 1 |a испанская живопись 
610 1 |a 17 век 
610 1 |a художники 
610 1 |a биографии 
675 |a 75(092)  |v 3 
700 1 |a Ваганова  |b Е. О.  |g Елена Олеговна 
801 1 |a RU  |b 63413507  |c 20140529 
801 2 |a RU  |b 63413507  |c 20150326  |g RCR 
942 |c BK